| 000 | 00348cam a22001337a 4500 | ||
|---|---|---|---|
| 020 | _a9780471478461 (hbk.) | ||
| 082 | 0 | 4 |
_a621.381 _bRAZ/FU |
| 100 | 1 | _aRazavi, Behzad. | |
| 245 | 1 | 0 | _aFundamentals of microelectronics / |
| 260 |
_aNew Delhi : _bWiley India _cc2008. |
||
| 300 |
_axxiii, 936 p. : _bill. ; |
||
| 650 | 0 | _aMicroelectronics | |
| 942 | _cBK | ||
| 999 |
_c13950 _d13950 |
||